[Event "Belt and Road op 3rd"]
[Site "Qinhuangdao"]
[Date "2023.11.19"]
[Round "2"]
[White "Li, Bo"]
[Black "Khulan, Enkhsaikhan"]
[Result "1/2-1/2"]
[WhiteElo "2217"]
[BlackElo "2057"]
[PlyCount "141"]
[EventDate "2023.11.19"]
[EventType "swiss"]
[EventRounds "9"]
[EventCountry "CHN"]
[SourceTitle "CB48_2023"]
[SourceDate "2023.11.29"]
[SourceVersion "1"]
[SourceVersionDate "2023.11.29"]
[SourceQuality "1"]

1. d4 d5 2. c4 c6 3. Nf3 Nf6 4. Nc3 dxc4 5. a4 Bf5 6. e3 e6 7. Bxc4 Bb4 8. 0-0 0-0 9. Qe2 Bg6 10. Ne5 Nbd7 11. Nxg6 hxg6 12. Bb3 a5 13. Rd1 Qe7 14. e4 e5 15. dxe5 Nxe5 16. Bg5 Bxc3 17. bxc3 Qc5 18. Rab1 Nf3+ 19. Qxf3 Qxg5 20. Rd4 Rae8 21. Bc2 Re7 22. Qg3 Qh5 23. f4 Rfe8 24. e5 Nd5 25. Bb3 Qf5 26. Rbd1 Nc7 27. Qf2 c5 28. Rd8 Ne6 29. Rxe8+ Rxe8 30. Bxe6 Rxe6 31. Rd8+ Kh7 32. Qh4+ Qh5 33. Qxh5+ gxh5 34. Rd7 f6 35. Rd6 Re7 36. exf6 gxf6 37. Rxf6 Re1+ 38. Kf2 Re4 39. Rf5 Kg6 40. Rg5+ Kh6 41. Kg3 Rc4 42. Rd5 Kg6 43. Rg5+ Kh6 44. h3 b6 45. Rd5 Rxa4 46. Rd6+ Kg7 47. Rxb6 Rc4 48. Kh4 Rxf4+ 49. Kxh5 a4 50. g4 a3 51. Ra6 Rf3 52. Rxa3 Rxh3+ 53. Kg5 Kf7 54. Kf5 Rf3+ 55. Ke5 c4 56. Kd5 Rg3 57. Kxc4 Rxg4+ 58. Kb5 Ke6 59. c4 Kd7 60. c5 Rg6 61. Rh3 Kc7 62. Rh7+ Kc8 63. Ra7 Rh6 64. Ra6 Rxa6 65. Kxa6 Kc7 66. Kb5 Kb7 67. c6+ Kc7 68. Kc5 Kc8 69. Kd6 Kd8 70. c7+ Kc8 71. Kc6 1/2-1/2

[Event "Ulaanbaatar MICA op"]
[Site "Ulaanbaatar"]
[Date "2023.10.30"]
[Round "5"]
[White "Rudovskii, Filipp"]
[Black "Li, Bo"]
[Result "1-0"]
[WhiteElo "2037"]
[BlackElo "2217"]
[PlyCount "73"]
[EventDate "2023.10.27"]
[EventType "swiss"]
[EventRounds "9"]
[EventCountry "MGL"]
[SourceTitle "CB48_2023"]
[SourceDate "2023.11.29"]
[SourceVersion "1"]
[SourceVersionDate "2023.11.29"]
[SourceQuality "1"]

1. e4 c6 2. Nf3 d5 3. Nc3 dxe4 4. Nxe4 Nd7 5. Bc4 Ngf6 6. Qe2 Nxe4 7. Qxe4 Nf6 8. Ne5 e6 9. Qe2 Be7 10. 0-0 0-0 11. c3 c5 12. Rd1 Qc7 13. d4 Nd5 14. Bb3 cxd4 15. Rxd4 Bd6 16. Nf3 b6 17. Bc2 g6 18. Bh6 Rd8 19. Rad1 Bb7 20. Be4 Bc5 21. R4d2 Bc6 22. Bg5 Rdc8 23. h4 Ba4 24. Re1 Bc6 25. Nd4 Bb7 26. h5 Be7 27. Nb5 Bxg5 28. Nxc7 Bxd2 29. Bxd5 exd5 30. Nxa8 Bxe1 31. h6 Bxf2+ 32. Qxf2 Rxa8 33. Qf6 Kf8 34. Qd6+ Kg8 35. Qc7 Ba6 36. Qe5 Rc8 37. Qg7# 1-0

[Event "CHN-chTB"]
[Site "Hefei"]
[Date "2023.04.19"]
[Round "5"]
[White "Zhang, Xuan"]
[Black "Li, Bo"]
[Result "1/2-1/2"]
[WhiteElo "2343"]
[BlackElo "2292"]
[PlyCount "96"]
[EventDate "2023.04.17"]
[EventType "team-swiss"]
[EventRounds "9"]
[EventCountry "CHN"]
[SourceTitle "EXT 2024"]
[Source "ChessBase"]
[SourceDate "2023.10.10"]
[SourceVersion "1"]
[SourceVersionDate "2023.10.10"]
[SourceQuality "1"]
[WhiteTeam "Xiamen Xiaqiyizu"]
[BlackTeam "Ningbo National Fitness"]
[WhiteTeamCountry "CHN"]
[BlackTeamCountry "CHN"]

1. e4 c5 2. c3 d5 3. exd5 Nf6 4. Bb5+ Nbd7 5. c4 g6 6. Nf3 Bg7 7. 0-0 0-0 8. Nc3 Nb6 9. d3 a6 10. Ba4 e6 11. Be3 exd5 12. Bxc5 Nxa4 13. Nxa4 Re8 14. Bb6 Qd6 15. Bd4 dxc4 16. Nb6 Rb8 17. Be5 Qxb6 18. Bxb8 Bf5 19. Be5 Bxd3 20. Bd4 Qb5 21. Re1 Ne4 22. Bxg7 Kxg7 23. Qc1 Qb6 24. Re3 f5 25. g3 Qf6 26. Nd2 b5 27. Nxe4 fxe4 28. Qc3 Rf8 29. a3 g5 30. h3 h5 31. Rd1 Kg6 32. Rd2 g4 33. h4 Qxc3 34. bxc3 Rb8 35. Rb2 a5 36. Re1 Kf6 37. Kg2 Ke5 38. Rd1 Kd6 39. Ra1 Kc5 40. Kg1 Rf8 41. Re1 Rf5 42. Kg2 Rf6 43. Kg1 Rb6 44. Ra1 Kc6 45. Kg2 Kb7 46. Kg1 Ka6 47. Kg2 Kb7 48. Kg1 Ka6 1/2-1/2

[Event "China zt 3.5"]
[Site "Shenzhen"]
[Date "2023.04.09"]
[Round "5"]
[White "Li, Bo"]
[Black "Meng, Yihan"]
[Result "0-1"]
[WhiteElo "2292"]
[BlackElo "1896"]
[PlyCount "146"]
[EventDate "2023.04.05"]
[EventType "swiss"]
[EventRounds "9"]
[EventCountry "CHN"]
[SourceTitle "CBM 213 Extra"]
[Source "ChessBase"]
[SourceDate "2023.05.31"]
[SourceVersion "1"]
[SourceVersionDate "2023.05.31"]
[SourceQuality "1"]

1. d4 Nf6 2. c4 c5 3. Nf3 cxd4 4. Nxd4 Nc6 5. Nc3 e6 6. g3 Qb6 7. Nb3 d5 8. Be3 Qb4 9. cxd5 Nxd5 10. Bd2 Nxc3 11. Bxc3 Qe4 12. f3 Qe3 13. Qc1 Qb6 14. Bg2 e5 15. Bd2 Bf5 16. Be3 Qb5 17. g4 Bg6 18. Bc5 Nb4 19. Qc3 Nc2+ 20. Kf1 Nxa1 21. Qxe5+ Kd7 22. Qd4+ Kc8 23. Bxf8 Nxb3 24. Qxg7 Nc1 25. Kf2 Qxe2+ 26. Kg3 Nd3 27. Rf1 Qxb2 28. Qxb2 Nxb2 29. Bg7 Re8 30. Bxb2 Re2 31. Bf6 Kd7 32. f4 Be4 33. Bxe4 Rxe4 34. f5 Rae8 35. Rd1+ Kc7 36. Rc1+ Kb8 37. Bg5 a5 38. Rc5 a4 39. Ra5 Kc7 40. Rd5 Kc6 41. Rd3 b5 42. a3 b4 43. axb4 Rxb4 44. Kh4 Rb3 45. Rd4 Re2 46. h3 a3 47. Ra4 Rh2 48. Be7 h6 49. Ra6+ Kb5 50. Rxh6 Rbxh3+ 51. Kg5 Rxh6 52. Bxa3 Ra6 53. Be7 Kc4 54. Kf4 Kd5 55. g5 Rh4+ 56. Kf3 Re4 57. f6 Rxe7 58. fxe7 Re6 59. Kf4 Rxe7 60. Kf5 Re6 61. Kf4 Re5 62. Kg4 Ke4 63. Kh5 f6 64. Kg6 fxg5 65. Kf6 g4 66. Kg6 g3 67. Kf6 g2 68. Kg6 g1Q+ 69. Kf7 Qf2+ 70. Kg6 Qf5+ 71. Kh6 Re6+ 72. Kg7 Qg6+ 73. Kf8 Re8# 0-1

[Event "CHN-chB"]
[Site "Qiziwan"]
[Date "2023.02.03"]
[Round "9"]
[White "Li, Bo"]
[Black "Bai, Changlin"]
[Result "1-0"]
[WhiteElo "2310"]
[BlackElo "1934"]
[PlyCount "81"]
[EventDate "2023.01.30"]
[EventType "swiss"]
[EventRounds "11"]
[EventCountry "CHN"]
[SourceTitle "CBM 212 Extra"]
[Source "ChessBase"]
[SourceDate "2023.03.31"]
[SourceVersion "1"]
[SourceVersionDate "2023.03.31"]
[SourceQuality "1"]

1. d4 Nf6 2. c4 e6 3. g3 d5 4. Nf3 b6 5. Bg2 Bb7 6. 0-0 Be7 7. Qa4+ Bc6 8. Qc2 dxc4 9. Qxc4 Bd5 10. Qc2 Be4 11. Qd1 c5 12. Nc3 Bc6 13. dxc5 Qxd1 14. Rxd1 Bxc5 15. Ne5 Bxg2 16. Kxg2 Nbd7 17. Nc6 a6 18. b4 Bf8 19. a4 Rc8 20. b5 a5 21. Bf4 Bb4 22. Rac1 Bxc3 23. Rxc3 Nc5 24. Rc4 Nd5 25. Bd6 Nb7 26. Ba3 Nb4 27. Nxa5 Rxc4 28. Nxc4 Nd5 29. Rc1 f5 30. Ne5 Nc5 31. a5 Ke7 32. axb6 Kf6 33. Bxc5 Kxe5 34. f4+ Kf6 35. Bd4+ Ke7 36. Ra1 e5 37. Bxe5 Nxb6 38. Ra7+ Nd7 39. b6 Ke6 40. Rxd7 Kxd7 41. b7 1-0

[Event "Tianjin Binhai Cup 2nd"]
[Site "Tianjin"]
[Date "2020.01.17"]
[Round "8"]
[White "Zhao, Yuanhe"]
[Black "Li, Bo"]
[Result "1-0"]
[WhiteElo "2466"]
[BlackElo "2312"]
[PlyCount "149"]
[EventDate "2020.01.13"]
[EventType "swiss"]
[EventRounds "9"]
[EventCountry "CHN"]
[SourceTitle "CBM 194 Extra"]
[Source "ChessBase"]
[SourceDate "2020.03.31"]
[SourceVersion "1"]
[SourceVersionDate "2020.03.31"]
[SourceQuality "1"]

1. Nf3 Nf6 2. g3 b6 3. Bg2 Bb7 4. 0-0 e6 5. c4 Be7 6. Nc3 c5 7. d4 cxd4 8. Qxd4 Nc6 9. Qd3 0-0 10. e4 d6 11. Bf4 Ng4 12. Rfd1 Nge5 13. Qe2 Qc8 14. b3 Rd8 15. Rac1 Rd7 16. Ne1 Qf8 17. Rd2 Rdd8 18. Rcd1 Rac8 19. Nc2 Ba6 20. Be3 Na5 21. Nb5 Rd7 22. Nb4 Bxb5 23. cxb5 Rdc7 24. Na6 Rc3 25. h3 Nd7 26. Kh2 Nb8 27. Bd4 Rc1 28. Nxb8 Rxd1 29. Rxd1 Rxb8 30. b4 Nb7 31. Rc1 Qd8 32. a4 g6 33. Qb2 Qd7 34. Qc3 e5 35. Be3 Nd8 36. h4 Ne6 37. Bh3 h5 38. Qc4 Rd8 39. Qd5 Bf6 40. a5 Rb8 41. Rc6 Qe8 42. axb6 axb6 43. Bxe6 Qxe6 44. Qxe6 fxe6 45. Rxd6 Kf7 46. Rxb6 Rxb6 47. Bxb6 Ke8 48. Kg2 Kd7 49. Kf3 Kc8 50. Ke2 Kb7 51. Bc5 Bd8 52. Kd3 Bf6 53. Kc4 Kc7 54. Bf8 Kb6 55. Bd6 Bg7 56. Be7 Bh6 57. Bf6 Bd2 58. Bxe5 Be1 59. Bc3 Bxf2 60. Bd4+ Bxd4 61. Kxd4 Kxb5 62. Ke5 Kxb4 63. Kxe6 Kc5 64. Kf6 Kd4 65. e5 Ke4 66. e6 Kf3 67. e7 Kxg3 68. e8Q Kxh4 69. Qxg6 Kh3 70. Kf5 h4 71. Kf4 Kh2 72. Kf3 h3 73. Qg3+ Kh1 74. Qxh3+ Kg1 75. Qg2# 1-0

[Event "Penang op 11th"]
[Site "Penang"]
[Date "2019.12.11"]
[Round "5"]
[White "Sivuk, Vitaly"]
[Black "Li, Bo"]
[Result "1-0"]
[WhiteElo "2588"]
[BlackElo "2308"]
[PlyCount "59"]
[EventDate "2019.12.09"]
[EventType "swiss"]
[EventRounds "9"]
[EventCountry "MAS"]
[SourceTitle "CBM 193 Extra"]
[Source "ChessBase"]
[SourceDate "2020.01.31"]
[SourceVersion "1"]
[SourceVersionDate "2020.01.31"]
[SourceQuality "1"]

1. d4 Nf6 2. c4 c6 3. Nc3 d5 4. Nf3 g6 5. cxd5 cxd5 6. Bf4 Nc6 7. e3 Bg7 8. h3 0-0 9. Bd3 Qa5 10. 0-0 Bf5 11. Bxf5 gxf5 12. Qb3 b6 13. a3 e6 14. Rac1 Rfc8 15. Nb5 Ne8 16. Nc7 Nxc7 17. Rxc6 Ne8 18. Qc2 Qa6 19. Rc1 Rd8 20. g4 fxg4 21. hxg4 Nf6 22. Rc7 Ne4 23. Kg2 h6 24. Ne5 Rf8 25. Nd7 Rfd8 26. f3 Ng5 27. Ne5 Bxe5 28. Bxe5 Qb5 29. Rh1 Rd7 30. Rxh6 1-0

[Event "Penang op 11th"]
[Site "Penang"]
[Date "2019.12.10"]
[Round "2"]
[White "Li, Bo"]
[Black "Barath, Kalyan M"]
[Result "1-0"]
[WhiteElo "2308"]
[BlackElo "2063"]
[PlyCount "151"]
[EventDate "2019.12.09"]
[EventType "swiss"]
[EventRounds "9"]
[EventCountry "MAS"]
[SourceTitle "CBM 193 Extra"]
[Source "ChessBase"]
[SourceDate "2020.01.31"]
[SourceVersion "1"]
[SourceVersionDate "2020.01.31"]
[SourceQuality "1"]

1. d4 Nf6 2. c4 e6 3. g3 Bb4+ 4. Bd2 a5 5. Bg2 0-0 6. Nf3 d5 7. Qb3 Qe7 8. 0-0 Bxd2 9. Nbxd2 c6 10. Rfe1 a4 11. Qc3 b6 12. e4 Bb7 13. Ne5 Rc8 14. Rac1 Nbd7 15. a3 Qd8 16. Nxd7 Nxd7 17. Qe3 Nf6 18. e5 Nd7 19. Rc3 c5 20. cxd5 cxd4 21. Qxd4 Bxd5 22. Bxd5 Nc5 23. Nc4 Nb3 24. Rxb3 Rxc4 25. Qxc4 exd5 26. Qd3 axb3 27. Qxb3 Rc8 28. e6 fxe6 29. Rxe6 Rb8 30. Re5 Kh8 31. Qxd5 Qf6 32. Qe6 Qf8 33. Rf5 Qd8 34. Qd5 Qc8 35. Rf7 Qc1+ 36. Kg2 Qxb2 37. Qd6 Rg8 38. Rb7 Qc2 39. Qd5 Rf8 40. Rf7 Rg8 41. h4 h6 42. Rf4 Qc7 43. Qf3 Qd6 44. Rf7 Rc8 45. Ra7 Qc6 46. Qxc6 Rxc6 47. Ra8+ Kh7 48. h5 Rc5 49. g4 Rc3 50. a4 Ra3 51. Ra6 Kg8 52. f3 Kf7 53. Kg3 Rb3 54. Kf4 b5 55. a5 b4 56. Ra7+ Kf6 57. Ra6+ Kf7 58. Ke4 Ra3 59. f4 b3 60. Kd3 b2+ 61. Kc2 Rb3 62. Kb1 Rg3 63. Rg6 Ra3 64. a6 Rb3 65. Rc6 Kg8 66. a7 Ra3 67. Rc8+ Kh7 68. a8Q Ra1+ 69. Kxb2 Rxa8 70. Rxa8 g5 71. f5 Kg7 72. Ra6 Kh7 73. Rg6 Kh8 74. f6 Kh7 75. f7 Kh8 76. f8Q+ 1-0